000 00454nam a2200133Ia 4500
008 100328s9999 xx 000 0 und d
082 _b9934
100 _aवरेरकर भार्गवराम विठ्ठल
245 _aलंकेची पार्वती
260 _bग.पां.परचुरे
630 _aलंकेची पार्वती
730 _aलंकेची पार्वती
942 _cBOOK
999 _c505491
_d505488